| 000 | 00887cam a2200289I 4500 | ||
|---|---|---|---|
| 999 |
_c5051 _d5051 |
||
| 001 | 25910 | ||
| 003 | GBCCL | ||
| 005 | 20241126110532.0 | ||
| 008 | 840214s1959 nyua 001 0 eng | ||
| 010 | _a 59005221 /L | ||
| 035 | _a(OCoLC)10412793 | ||
| 040 |
_aDLC _cIMC _dOCL _dm/c _dOCL _dLBB |
||
| 049 | _aLBBK | ||
| 050 | 0 |
_aBT199 _b.M3 1959 |
|
| 082 |
_a232.9 _bMAU |
||
| 092 | 0 |
_a704.948 _bM459, 1959 |
|
| 100 | 1 |
_aMaus, Cynthia Pearl, _d1880- _99109 |
|
| 245 | 1 | 0 |
_aChrist and the fine arts; _ban anthology of pictures, poetry, music, and stories centering in the life of Christ. |
| 250 | _aRev. and enl. ed. | ||
| 260 |
_aNew York, _bHarper _c[1959] |
||
| 300 |
_a813 p. _billus. _c24 cm. |
||
| 504 | _aIncludes bibliography. | ||
| 600 | 0 | 0 |
_aJesus Christ _vArt. _99110 |
| 600 | 0 | 0 |
_aJesus Christ _vBiography. _92912 |
| 600 | 0 | 0 |
_aJesus Christ _vPoetry. _95214 |
| 942 |
_2ddc _cBK _02 |
||